000 00281nam a22001337a 4500
008 170612b xxu||||| |||| 00| 0 eng d
020 _a0904383032
041 _aeng
080 _a32
100 _a19
101 _aSHP
245 _aGRAMSCI'S MARXISM
_cBOGGS, C
942 _2udc
_cBK
999 _c17044
_d17044